| 000 | 00465nam a22001697a 4500 | ||
|---|---|---|---|
| 003 | NUST | ||
| 005 | 20230404134318.0 | ||
| 008 | 230404b ||||| |||| 00| 0 eng d | ||
| 020 | _a0-07-063425-4 | ||
| 082 |
_a547 _bPIN |
||
| 100 | _aStanley H Pine | ||
| 245 |
_aOrganic Chemistry _cStanley H. Pine |
||
| 260 |
_aNew Delhi _bMcGraw Hill India _c2007 |
||
| 300 |
_aXIX,1187P _bPb. |
||
| 440 |
_aOrganic Chemistry _9111731 |
||
| 942 |
_2ddc _cBK _k547 PIN _m547 PIN 2007 |
||
| 999 |
_c594433 _d594433 |
||